00311nam a2200109Ia 4500008004100000100001600041245005300057260003200110300000700142650003100149700002100180191201s2019 xx 000 0 und d aGUPTA, G.D  0aPractical Manual of Human Anatomy and Physiology bNirali PubaNew Delhic2019 a90 aHuman Anatomy & Physiology aSHARMA, Shailesh